书目信息 |
| 题名: |
中国古代哲学发微
|
|
| 作者: | 宋志明 著 | |
| 分册: | ||
| 出版信息: | 北京 中国人民大学出版社 2012 |
|
| 页数: | 312页 | |
| 开本: | 24cm | |
| 丛书名: | ||
| 单 册: | ||
| 中图分类: | B215 | |
| 科图分类: | ||
| 主题词: | 古代哲学--研究--中国 , 古代哲学 | |
| 电子资源: | ||
| ISBN: | 978-7-300-14575-4 | |
| 000 | 00998nam0 2200265 450 | |
| 001 | 524 | |
| 005 | 20140904160145.48 | |
| 010 | @a978-7-300-14575-4@dCNY48.00 | |
| 100 | @a20121027d2012 em y0chiy50 ea | |
| 101 | 0 | @achi |
| 102 | @aCN@b110000 | |
| 105 | @ay z 000yy | |
| 106 | @ar | |
| 200 | 1 | @a中国古代哲学发微@AZhong Guo Gu Dai Zhe Xue Fa Wei@dAn interpretation of the ancient Chinese philosophy@f宋志明著@FSong Zhi Ming Zhu@zeng |
| 210 | @a北京@c中国人民大学出版社@d2012 | |
| 215 | @a312页@d24cm | |
| 300 | @a哲学文库 | |
| 330 | @a本书从不同侧面阐述中国古代哲学特有的话题以及这些话题的特有论述方式,内容包括关注民族性、关于中国哲学“合法性”问题、哲学基本问题的普遍性与特殊性、天人关系是中国哲学的基本问题等。 | |
| 510 | 1 | @aInterpretation of the ancient Chinese philosophy@zeng |
| 606 | 0 | @a古代哲学@x研究@y中国 |
| 606 | 0 | @a古代哲学 |
| 690 | @aB215@v5 | |
| 701 | 0 | @a宋志明@ASong Zhi Ming@f(1947~)@4著 |
| 801 | 0 | @aCN@bTANGWEI@c20140603 |
| 905 | @b0837832-34@dB215@e145@f3 | |
| 中国古代哲学发微=An interpretation of the ancient Chinese philosophy/宋志明著.-北京:中国人民大学出版社,2012 |
| 312页;24cm |
| 哲学文库 |
| ISBN 978-7-300-14575-4:CNY48.00 |
| 本书从不同侧面阐述中国古代哲学特有的话题以及这些话题的特有论述方式,内容包括关注民族性、关于中国哲学“合法性”问题、哲学基本问题的普遍性与特殊性、天人关系是中国哲学的基本问题等。 |
| ● |
| 相关链接 |
|
|
|
|
正题名:中国古代哲学发微
索取号:B215/145
 
预约/预借
| 序号 | 登录号 | 条形码 | 馆藏地/架位号 | 状态 | 备注 |
| 1 | 0837832 | 208378325 | 第一样本阅览室/ [索取号:B215/145] | 在馆 | |
| 2 | 0837833 | 208378334 | 第一借阅区/ [索取号:B215/145] | 在馆 | |
| 3 | 0837834 | 208378343 | 第一借阅区/ [索取号:B215/145] | 在馆 |